Random Geography Stuff: Sri Lanka Edition - Statistics

General Stats
  • This quiz has been taken 46 times
    27 since last reset
  • The average score is 6 of 7
Answer Stats
Hint Answer % Correct
What are one of the two official languages? Sinhalese/Sinhala,Tamil
100%
What country(s) is Sri Lanka near? India, Maldives
96%
What was Sri Lanka called before it became an official country? Ceylon
92%
What is one of Sri Lanka's capitals? Sri Jayawardenpura Kotte/ Colombo
92%
What ocean surrounds Sri Lanka? The Indian Ocean
92%
What is the largest religion? Buddhism
88%
What is Sri Lanka's population as of 2021? 21 million
33%
No matching quizzes found
Score Distribution
Percent of People with Each Score
Percentile by Number Answered
Your Score History
You have not taken this quiz since the last reset